US-Bundesstaaten, die mit D, F, G, H, L, P, R oder U beginnen - Statistiken

Allgemein
  • Dieses Quiz wurde 204 mal gespielt
  • Das Durchschnittsergebnis liegt bei 7 aus 8
Antwortstatistiken
US-Bundesstaat % Korrekt
Florida
95%
Utah
94%
Pennsylvania
92%
Georgia
91%
Delaware
88%
Rhode Island
84%
Hawaii
83%
Louisiana
82%
Keine übereinstimmenden Quizze gefunden
Verteilung der Resultate
Anzahl Personen mit jedem Resultat
Perzentil nach korrekt beantworteten Fragen
Ihre Resultats-Entwicklung
Sie haben dieses Quiz noch nicht gespielt